Death in a promised land : the Tulsa race riot of 1921 /

Bibliographic Details
Main Author: Ellsworth, Scott (Historian)
Format: Book
Language:English
Published: Baton Rouge : Louisiana State University Press, [1982]
Subjects:

MARC

Tag First Indicator Second Indicator Subfields
LEADER 00000pam a2200000 a 4500
001 in00000088695
005 20201212065449.0
008 810417s1982 laua b s00110 eng
010 |a  81006017  
019 |a 8264719 
020 |a 0807108782 :  |c $19.95 
035 |a (OCoLC)07464548 
035 |9 AAK5543AM 
039 0 |a 2  |b 3  |c 3  |d 3  |e 3 
040 |a DLC  |c DLC  |d TXA  |d UtOrBLW 
043 |a n-us-ok 
049 |a TXAM  |c [1673198] 
050 0 0 |a F704.T92  |b E44 
082 0 |a 976.6/86  |2 19 
100 1 |a Ellsworth, Scott  |c (Historian) 
245 1 0 |a Death in a promised land :  |b the Tulsa race riot of 1921 /  |c Scott Ellsworth ; foreword by John Hope Franklin. 
264 1 |a Baton Rouge :  |b Louisiana State University Press,  |c [1982] 
264 4 |c ©1982 
300 |a xvii, 159 pages :  |b illustrations ;  |c 24 cm. 
336 |a text  |b txt  |2 rdacontent 
337 |a unmediated  |b n  |2 rdamedia 
338 |a volume  |b nc  |2 rdacarrier 
500 |a Includes index. 
504 |a Bibliography: pages 139-150. 
651 0 |a Tulsa (Okla.)  |x Riot, 1921. 
651 0 |a Tulsa (Okla.)  |x Race relations. 
999 |a MARS 
999 f f |s 953a485f-eed4-313f-be32-2609aaf84a92  |i f4581ed9-9308-33b3-9e1f-c6bdb4f52b14  |t 0 
952 f f |p normal  |a Texas A&M University  |b College Station  |c Sterling C. Evans Library  |d Evans: Library Stacks  |t 0  |e F704.T92 E44  |h Library of Congress classification  |i unmediated -- volume  |m A14806110232 
952 f f |p noncirc  |a Texas A&M University  |b College Station  |c Cushing Memorial Library & Archives  |d Cushing: Area Studies/Africana (Does not check out)  |t 0  |e F704.T92 E44  |h Library of Congress classification  |i unmediated -- volume  |m A14853266305 
998 f f |a F704.T92 E44  |t 0  |l Cushing: Area Studies/Africana (Does not check out) 
998 f f |a F704.T92 E44  |t 0  |l Evans: Library Stacks